000 00304nam a22001337a 4500
008 170529b xxu||||| |||| 00| 0 eng d
020 _a0070296014
041 _aeng
080 _23RD
_a62
100 _a27
101 _aIM
245 _aEXPERIMENTAL METHODS FOR ENGINEERS
_cHOLMAN,J.P
942 _2udc
_cBK
999 _c14846
_d14846